How to teach Philippians, Colossians, and Philemon. (Record no. 5873)

000 -LEADER
fixed length control field 00757nam a2200205 a 4500
001 - CONTROL NUMBER
control field :::00003615$&:&@@
003 - CONTROL NUMBER IDENTIFIER
control field OkBaRHE
005 - DATE AND TIME OF LATEST TRANSACTION
control field 20000607103308.0
008 - FIXED-LENGTH DATA ELEMENTS--GENERAL INFORMATION
fixed length control field s1964 j 000 0 eng u
040 ## - CATALOGING SOURCE
Transcribing agency
100 1# - MAIN ENTRY--PERSONAL NAME
Personal name Gettys, Joseph M.
245 10 - TITLE STATEMENT
Title How to teach Philippians, Colossians, and Philemon.
260 ## - PUBLICATION, DISTRIBUTION, ETC. (IMPRINT)
Place of publication, distribution, etc Richmond, VA., :
Name of publisher, distributor, etc John Knox Press
Date of publication, distribution, etc s1964
300 ## - PHYSICAL DESCRIPTION
Extent 45 p. ;
Dimensions 23 cm.
650 ## - SUBJECT ADDED ENTRY--TOPICAL TERM
Topical term or geographic name as entry element Bible New Testament Colossians
General subdivision Study
-- Outlines, Syllabi, etc.
650 ## - SUBJECT ADDED ENTRY--TOPICAL TERM
Topical term or geographic name as entry element Bible New Testament Philemon
General subdivision Study
-- Outlines, Syllabi, etc.
650 ## - SUBJECT ADDED ENTRY--TOPICAL TERM
Topical term or geographic name as entry element Bible New Testament Philippians
General subdivision Study
-- Outlines, Syllabi, etc.
942 ## - ADDED ENTRY ELEMENTS (KOHA)
Source of classification or shelving scheme
Koha item type Books
Copies
Koha item type Barcode Shelving location Source of classification or shelving scheme Permanent Location Withdrawn status Damaged status Date last seen Price effective from Not for loan Copy number Full call number Date acquired Lost status
Books3615General Stacks RHEMA Bible Training College  2018-04-032010-04-14 1BS 2705 .G462010-04-14